000 01246nam a2200337Ia 4500
001 ebr10662853
003 CaPaEBR
006 m u
007 cr cn|||||||||
008 080331s2009 nyua sb 001 0 eng d
010 _z 2008014844
020 _z9781612094267
020 _z9781604566420 (hardcover)
020 _z1604566426 (hardcover)
040 _aCaPaEBR
_cCaPaEBR
035 _a(OCoLC)694791462
050 1 4 _aRT42
_b.T74 2009eb
082 0 4 _a610.73
_222
245 0 0 _aTrends in nursing research
_h[electronic resource] /
_cAdam J. Ryan and Jack Doyle, editors.
260 _aNew York :
_bNova Science Publishers,
_cc2009.
300 _axiii, 305 p. :
_bill. (some col.)
504 _aIncludes bibliographical references and index.
533 _aElectronic reproduction.
_bPalo Alto, Calif. :
_cebrary,
_d2013.
_nAvailable via World Wide Web.
_nAccess may be limited to ebrary affiliated libraries.
650 0 _aNursing.
650 0 _aNurses.
655 7 _aElectronic books.
_2local
700 1 _aRyan, Adam J.
700 1 _aDoyle, Jack,
_d1957-
710 2 _aebrary, Inc.
856 4 0 _uhttp://site.ebrary.com/lib/rucke/Doc?id=10662853
_zAn electronic book accessible through the World Wide Web; click to view
999 _c171835
_d171835